Dallas Mavericks: Retired Numbers - Statistics

General Stats
  • This quiz has been taken 130 times
    25 since last reset
  • The average score is 3 of 5
Answer Stats
Number Player % Correct
41 Dirk Nowitzki
100%
24 Mark Aguirre
63%
22 Rolando Blackman
63%
12 Derek Harper
29%
15 Brad Davis
17%
No matching quizzes found
Score Distribution
Percent of People with Each Score
Percentile by Number Answered
Your Score History
You have not taken this quiz since the last reset